[Event "RUS-ch"]
[Site "Elista"]
[Date "1994.??.??"]
[Round "5"]
[White "Svidler, Peter"]
[Black "Shipov, Sergei"]
[Result "1-0"]
[WhiteElo "2550"]
[BlackElo "2520"]
[PlyCount "85"]
[EventDate "1994.09.??"]
[Source "ChessBase"]

1. e4 c5 2. Nf3 d6 3. d4 cxd4 4. Nxd4 Nf6 5. Nc3 Nc6 6. Bg5 e6 7. Qd2 h6 8. Bxf6 gxf6 9. O-O-O a6 10. f4 Bd7 11. Bc4 Qb6 12. Nf3 Qc5 13. Bb3 O-O-O 14. Kb1 Kb8 15. f5 Na5 16. Nd4 Nxb3 17. cxb3 h5 18. Rhf1 Be7 19. Rc1 Qb6 20. Rf3 h4 21. fxe6 fxe6 22. Na4 Qa7 23. Qb4 a5 24. Qb6 Bxa4 25. Qxa7+ Kxa7 26. bxa4 d5 27. exd5 Rxd5 28. Nxe6 Rg8 29. Rf2 Bd6 30. Nc7 Bxc7 31. Rxc7 Rd1+ 32. Rc1 Rd4 33. b3 Rdg4 34. Rcc2 R8g5 35. Kc1 f5 36. Kd1 Ka6 37. Ke1 Re4+ 38. Rce2 b5 39. axb5+ Kb6 40. a4 Rgg4 41. Rxe4 Rxe4+ 42. Kd2 f4 43. Rf3 1-0

[Event "IV Open Vila de Sort"]
[Site "Sort SPA"]
[Date "2008.07.01"]
[Round "9"]
[White "Leon Hoyos, Manuel"]
[Black "Mamedov, Nidjat"]
[Result "1/2-1/2"]
[WhiteElo "2490"]
[BlackElo "2577"]
[PlyCount "77"]
[EventDate "2008.06.24"]
[Source "www.chesslib.no"]
[SourceDate "2004.05.04"]

1. e4 c5 2. Nf3 d6 3. d4 cxd4 4. Nxd4 Nf6 5. Nc3 Nc6 6. Bg5 e6 7. Qd2 Qb6 8. O-O-O Qxd4 9. Qxd4 Nxd4 10. Rxd4 a6 11. f3 Be7 12. Na4 Nd7 13. Bxe7 Kxe7 14. c4 Rb8 15. Nc3 Rd8 16. Be2 Ne5 17. Rhd1 f6 18. c5 Nf7 19. cxd6+ Rxd6 20. Rxd6 Nxd6 21. Na4 b6 22. b3 a5 23. Nb2 Bd7 24. Nc4 Nxc4 25. Bxc4 b5 26. Bd3 Rc8+ 27. Kd2 Rc5 28. b4 axb4 29. Rb1 Rc3 30. Rxb4 Ra3 31. Rb2 e5 32. Bc2 g5 33. Bb3 b4 34. Bc4 Be6 35. Rxb4 Bxc4 36. Rxc4 Rxa2+ 37. Rc2 Rxc2+ 38. Kxc2 Kd6 39. Kc3 1/2-1/2

[Event "Olimpiadi 2008 - open"]
[Site "Dresda GER"]
[Date "2008.11.13"]
[Round "1"]
[White "Agopov, M."]
[Black "Mchedlishvili, M."]
[Result "1/2-1/2"]
[WhiteElo "2449"]
[BlackElo "2615"]
[PlyCount "71"]
[EventDate "2008.11.13"]
[Source "www.chesslib.no"]
[SourceDate "2004.05.04"]

1. e4 c5 2. Nf3 d6 3. d4 cxd4 4. Nxd4 Nf6 5. Nc3 Nc6 6. Bg5 e6 7. Qd2 Qb6 8. Nb3 Be7 9. Be2 O-O 10. a4 Rd8 11. O-O Qc7 12. Rfd1 h6 13. Bf4 Ne5 14. f3 Ng6 15. Bg3 e5 16. Nb5 Qb8 17. c4 Be6 18. Rac1 Nd7 19. Bf2 Nc5 20. Qb4 b6 21. Qa3 Nf4 22. Bf1 Qb7 23. Nc3 Rab8 24. Nd5 Nxd5 25. cxd5 Bd7 26. a5 Nxb3 27. a6 Qa8 28. Qxb3 Rbc8 29. h4 Rxc1 30. Rxc1 Rc8 31. Rc3 Rxc3 32. Qxc3 Qb8 33. Qb3 Qc7 34. Bb5 Qc1+ 35. Kh2 Bc8 36. Qc4 1/2-1/2

[Event "Hastings ENG"]
[Site "Hastings ENG"]
[Date "1995.??.??"]
[Round "?"]
[White "Luther, Thomas"]
[Black "Sher, Miron N"]
[Result "1/2-1/2"]
[WhiteElo "2550"]
[BlackElo "2510"]
[PlyCount "33"]
[EventDate "1995.??.??"]
[Source "www.chesslib.no"]
[SourceDate "2004.05.04"]

1. e4 c5 2. Nf3 d6 3. d4 Nf6 4. Nc3 cxd4 5. Nxd4 Nc6 6. Bg5 e6 7. Qd2 Na5 8. O-O-O Qb6 9. Be3 g6 10. f4 Qb5 11. Nf5 a6 12. Bd3 Rb8 13. g3 e5 14. Nh4 Qd5 15. Bc5 Qb3 16. Bd4 Qc4 17. Kb1 1/2-1/2

[Event "XXIV Open"]
[Site "Cappelle La Grande FRA"]
[Date "2008.02.17"]
[Round "2"]
[White "Mateo, Ra"]
[Black "Arutinian, D."]
[Result "0-1"]
[WhiteElo "2484"]
[BlackElo "2576"]
[PlyCount "88"]
[EventDate "2008.02.16"]
[Source "www.chesslib.no"]
[SourceDate "2004.05.04"]

1. e4 c5 2. Nf3 d6 3. d4 cxd4 4. Nxd4 Nf6 5. Nc3 Nc6 6. Bg5 e6 7. Qd2 Qb6 8. Nb3 Be7 9. Bd3 O-O 10. O-O a6 11. Kh1 Qc7 12. Qe1 b5 13. f4 b4 14. Ne2 a5 15. Nd2 Ba6 16. Nf3 d5 17. Bxf6 Bxf6 18. e5 Be7 19. Ng3 g6 20. Qe2 Qa7 21. Rad1 Rfc8 22. Qd2 Nd4 23. Bxa6 Nxf3 24. Rxf3 Qxa6 25. c3 bxc3 26. bxc3 Rab8 27. Ne2 Ba3 28. Nd4 Rb2 29. Qe1 Rxa2 30. f5 exf5 31. g4 fxg4 32. Rf6 Qb7 33. e6 Re8 34. Qh4 fxe6 35. Qg5 Rf8 36. Rxf8+ Bxf8 37. Qxg4 Qf7 38. Qxe6 Qxe6 39. Nxe6 Be7 40. Rxd5 a4 41. Rd7 Kf7 42. Nd4 a3 43. Nc6 Re2 44. Nxe7 Rxe7 0-1

[Event "Evora"]
[Site "?"]
[Date "2006.07.22"]
[Round "1"]
[White "Lopez Martinez Josep Manuel"]
[Black "Spraggett Kevin"]
[Result "0-1"]
[WhiteElo "2480"]
[BlackElo "2577"]
[PlyCount "142"]
[EventDate "2006.??.??"]
[Source "www.chesslib.no"]
[SourceDate "2004.05.04"]

1. e4 c5 2. Nf3 d6 3. d4 Nf6 4. Nc3 cxd4 5. Nxd4 Nc6 6. Bg5 e6 7. Qd2 Qb6 8. O-O-O Be7 9. f3 a6 10. Be3 Qc7 11. g4 Nd7 12. g5 b5 13. h4 Bb7 14. h5 Rc8 15. Nxc6 Qxc6 16. Ne2 d5 17. Nd4 Qc7 18. Bh3 Ne5 19. g6 hxg6 20. hxg6 Nxg6 21. f4 Nh4 22. e5 g6 23. Bg4 Kd7 24. Rhg1 Nf5 25. Bxf5 gxf5 26. Rg7 Rcf8 27. Rdg1 Kc8 28. Nb3 Kb8 29. Bd4 Ka8 30. Kb1 Rh3 31. Qf2 Bc8 32. Bc5 Bxc5 33. Nxc5 Qb6 34. Qg2 Rh4 35. Qg5 Rhh8 36. b4 Qc7 37. Qf6 Kb8 38. Kb2 Qa7 39. R1g3 a5 40. a3 a4 41. Rc3 Rh1 42. Qg5 Rhh8 43. Nd3 Ka8 44. Rc5 Qd7 45. Qg2 Bb7 46. Qe2 d4 47. Nc1 Bc6 48. Qd3 Rh2 49. Ne2 Rd8 50. Qxd4 Rxe2 51. Qxd7 Bxd7 52. Rxf7 Kb8 53. Rc3 Re4 54. Rd3 Kc8 55. Rc3+ Rc4 56. Rxc4+ bxc4 57. Kc3 Rh8 58. Kxc4 Rh3 59. Kc5 Rc3+ 60. Kb6 Rc6+ 61. Ka5 Rxc2 62. b5 Rc5 63. Kxa4 Bxb5+ 64. Kb4 Rd5 65. Rf8+ Kc7 66. Rf7+ Bd7 67. Kc4 Rd1 68. Rh7 Rf1 69. Rh4 Rf3 70. Kd4 Kb6 71. Kc4 Rxa3 0-1

[Event "Camp. azerbagiano 2009"]
[Site "Baku AZE"]
[Date "2009.01.19"]
[Round "7"]
[White "Safarli, Eltaj"]
[Black "Babaev, Rashad"]
[Result "0-1"]
[WhiteElo "2564"]
[BlackElo "2491"]
[PlyCount "100"]
[EventDate "2009.01.13"]
[Source "www.chesslib.no"]
[SourceDate "2004.05.04"]

1. e4 c5 2. Nf3 d6 3. d4 Nf6 4. Nc3 cxd4 5. Nxd4 Nc6 6. Bg5 e6 7. Qd2 Qb6 8. Nb3 Be7 9. O-O-O O-O 10. f3 a6 11. g4 Rd8 12. Be3 Qc7 13. g5 Nd7 14. h4 b5 15. h5 b4 16. Ne2 d5 17. Ned4 Nxd4 18. Nxd4 dxe4 19. g6 Nf6 20. f4 Nd5 21. gxf7+ Kxf7 22. Bg2 Nc3 23. Bxe4 Nxe4 24. Qg2 Nc3 25. Rhg1 Nxd1 26. Qxg7+ Ke8 27. Qxh7 Rxd4 28. Qh8+ Bf8 29. Bxd4 Qxf4+ 30. Kb1 Nc3+ 31. bxc3 bxc3 32. Bxc3 Ra7 33. Ka1 Rf7 34. Rb1 Qc4 35. h6 Bb7 36. Rb4 Qc6 37. Rh4 Qb5 38. Rb4 Qg5 39. Bg7 Rxg7 40. hxg7 Qe5+ 41. Rb2 Qxg7 42. Qh5+ Kd8 43. Qd1+ Kc7 44. Kb1 Bd5 45. Qe1 Qd4 46. Qa5+ Kd7 47. Qe1 Bg7 48. c3 Be4+ 49. Ka1 Qxc3 50. Qd1+ Ke7 0-1

[Event "Moscow RUS"]
[Site "?"]
[Date "2006.02.06"]
[Round "9"]
[White "Amonatov Farrukh"]
[Black "Iskusnyh Sergei"]
[Result "1/2-1/2"]
[WhiteElo "2588"]
[BlackElo "2459"]
[PlyCount "39"]
[EventDate "2006.??.??"]
[Source "www.chesslib.no"]
[SourceDate "2004.05.04"]

1. e4 c5 2. Nf3 d6 3. d4 cxd4 4. Nxd4 Nf6 5. Nc3 Nc6 6. Bg5 e6 7. Qd2 Qb6 8. Nb3 Be7 9. O-O-O O-O 10. f3 Rd8 11. Nb5 Rd7 12. Qe1 a6 13. N5d4 Rd8 14. Be3 Qc7 15. Nxc6 Qxc6 16. Nd4 Qc7 17. Bd2 e5 18. Nf5 Bxf5 19. exf5 d5 20. Bd3 1/2-1/2

[Event "Europa ch 2008"]
[Site "Plovdiv BUL"]
[Date "2008.04.24"]
[Round "4.59"]
[White "Baramidze, David"]
[Black "Sanikidze, Tornike"]
[Result "1/2-1/2"]
[WhiteElo "2583"]
[BlackElo "2458"]
[PlyCount "33"]
[EventDate "2008.04.21"]
[Source "www.chesslib.no"]
[SourceDate "2004.05.04"]

1. e4 c5 2. Nf3 d6 3. d4 cxd4 4. Nxd4 Nf6 5. Nc3 Nc6 6. Bg5 e6 7. Qd2 Qb6 8. O-O-O Qxd4 9. Qxd4 Nxd4 10. Rxd4 a6 11. Be2 Bd7 12. Rhd1 Bc6 13. f3 Be7 14. Kb1 d5 15. exd5 Nxd5 16. Nxd5 Bxd5 17. Bxe7 1/2-1/2

[Event "EU-ch 2nd"]
[Site "Ohrid"]
[Date "2001.06.06"]
[Round "6"]
[White "Sulskis, Sarunas"]
[Black "Izoria, Zviad"]
[Result "1-0"]
[WhiteElo "2530"]
[BlackElo "2489"]
[PlyCount "51"]
[EventDate "2001.06.01"]
[Source "ChessBase"]
[SourceDate "2001.09.13"]

1. e4 c5 2. Nf3 d6 3. d4 cxd4 4. Nxd4 Nf6 5. Nc3 Nc6 6. Bg5 e6 7. Qd2 Qb6 8. O-O-O a6 9. Be2 Be7 10. Be3 Qc7 11. g4 b5 12. g5 Nd7 13. Nf5 exf5 14. Nd5 Qb7 15. exf5 Nde5 16. f4 Bxf5 17. fxe5 dxe5 18. Rhf1 Be4 19. Nxe7 Qxe7 20. Bc5 Qe6 21. Qe3 Bd5 22. Bh5 Nd8 23. Rxd5 Qxd5 24. Bf3 Qxa2 25. Qxe5+ Qe6 26. Qxg7 1-0

[Event "Open"]
[Site "Cappelle la Grande"]
[Date "2003.02.23"]
[Round "2"]
[White "Geller, Jakov"]
[Black "Chernyshov, Konstantin"]
[Result "1/2-1/2"]
[WhiteElo "2448"]
[BlackElo "2561"]
[PlyCount "92"]
[EventDate "2003.02.22"]
[Source "Roberto Alvarez"]
[SourceDate "2003.03.03"]

1. e4 c5 2. Nf3 Nc6 3. d4 cxd4 4. Nxd4 Nf6 5. Nc3 d6 6. Bg5 e6 7. Qd2 h6 8. Bxf6 gxf6 9. O-O-O a6 10. f4 Qb6 11. Nb3 h5 12. Kb1 Bd7 13. f5 O-O-O 14. fxe6 fxe6 15. g3 Ne5 16. Bh3 h4 17. Ne2 Re8 18. Nf4 Kb8 19. Nd4 Bh6 20. Qe2 hxg3 21. hxg3 Bxf4 22. gxf4 Nc6 23. Nxc6+ Bxc6 24. Bg2 Rxh1 25. Bxh1 Rg8 26. Qd2 Qc7 27. b3 Rh8 28. Bf3 Rh4 29. a4 f5 30. Rg1 Qd8 31. Re1 fxe4 32. Bxe4 d5 33. Bd3 Qf6 34. Qe3 Rxf4 35. Qxe6 Qxe6 36. Rxe6 a5 37. Kb2 Kc7 38. Kc3 Rh4 39. Rg6 Kb6 40. Bb5 Kc5 41. Bxc6 bxc6 42. Kd3 Rh3+ 43. Kd2 d4 44. Rf6 Rc3 45. Rf4 Rh3 46. Rf6 Rc3 1/2-1/2

[Event "Beersheba-Peterburg Kings m"]
[Site "St Petersburg"]
[Date "1999.06.09"]
[Round "5"]
[White "Tseitlin, Mark D"]
[Black "Aseev, Konstantin N"]
[Result "1/2-1/2"]
[WhiteElo "2490"]
[BlackElo "2519"]
[PlyCount "64"]
[EventDate "1999.06.??"]
[Source "ChessBase"]
[SourceDate "1999.10.01"]

1. e4 c5 2. Nf3 d6 3. d4 cxd4 4. Nxd4 Nf6 5. Nc3 Nc6 6. Bg5 e6 7. Qd2 Qb6 8. Nb3 Be7 9. O-O-O O-O 10. f3 Rd8 11. h4 d5 12. exd5 Nxd5 13. Nxd5 Rxd5 14. Bd3 Nb4 15. Qe2 f6 16. Be3 Nxd3+ 17. Rxd3 Qa6 18. Rhd1 Bd7 19. Qf2 Rxd3 20. Rxd3 Bb5 21. Rd1 Qxa2 22. Bc5 Bf8 23. Bxf8 Rxf8 24. Qc5 Ba4 25. Qe7 Re8 26. Rd8 Rxd8 27. Qxd8+ Kf7 28. Qc7+ Kg6 29. Nc5 Qa1+ 30. Kd2 Qxb2 31. Qg3+ Kf7 32. Qc7+ Kg6 1/2-1/2

[Event "It (Men) Alushta UKR"]
[Site "?"]
[Date "2005.09.13"]
[Round "16"]
[White "Zinchenko Yaroslav"]
[Black "Kuzmin Gennadi P"]
[Result "1/2-1/2"]
[WhiteElo "2493"]
[BlackElo "2514"]
[PlyCount "26"]
[EventDate "2005.??.??"]
[Source "www.chesslib.no"]
[SourceDate "2004.05.04"]

1. e4 c5 2. Nf3 d6 3. d4 cxd4 4. Nxd4 Nf6 5. Nc3 Nc6 6. Bg5 e6 7. Qd2 Qb6 8. Nb3 Bd7 9. f3 a6 10. O-O-O Qc7 11. Be3 Be7 12. g4 b5 13. h4 Ne5 1/2-1/2

[Event "Andorra op 18th"]
[Site "Andorra"]
[Date "2000.06.28"]
[Round "5"]
[White "Perez, Luis Manuel"]
[Black "Lalic, Bogdan"]
[Result "1/2-1/2"]
[WhiteElo "2459"]
[BlackElo "2548"]
[PlyCount "20"]
[EventDate "2000.06.24"]
[Source "ChessBase"]
[SourceDate "2000.07.11"]

1. e4 c5 2. Nf3 d6 3. d4 cxd4 4. Nxd4 Nf6 5. Nc3 Nc6 6. Bg5 e6 7. Qd2 Qb6 8. O-O-O Qxd4 9. Qxd4 Nxd4 10. Rxd4 a6 1/2-1/2

[Event "XIX Czech Chladek & Tintera A Open"]
[Site "Pardubice CEC"]
[Date "2008.07.19"]
[Round "2"]
[White "D'Costa, L."]
[Black "Arutinian, D."]
[Result "1-0"]
[WhiteElo "2414"]
[BlackElo "2586"]
[PlyCount "93"]
[EventDate "2008.07.18"]
[Source "www.chesslib.no"]
[SourceDate "2004.05.04"]

1. e4 c5 2. Nf3 d6 3. d4 cxd4 4. Nxd4 Nf6 5. Nc3 Nc6 6. Bg5 e6 7. Qd2 Qb6 8. Nb3 Be7 9. Bxf6 Bxf6 10. Qxd6 a6 11. Be2 Be7 12. Qg3 O-O 13. O-O-O Qa7 14. e5 b5 15. Kb1 Qc7 16. f4 Bb7 17. Qe3 Nb4 18. Bf3 Nxc2 19. Kxc2 Bxf3 20. Qxf3 b4 21. Rd3 a5 22. Rhd1 a4 23. Nd4 Rfc8 24. Kb1 bxc3 25. Rxc3 Qb6 26. Rc6 Qa7 27. Rxc8+ Rxc8 28. Nc6 Qb7 29. Rc1 Re8 30. Qe3 Ra8 31. Nxe7+ Qxe7 32. Qc5 Qb7 33. Qc6 Qb8 34. a3 g6 35. Rc4 Qa7 36. Ka2 Kg7 37. g4 Rd8 38. f5 Qe3 39. Rxa4 Qxe5 40. fxe6 Rd2 41. Rb4 fxe6 42. Rb7+ Kh6 43. h4 g5 44. Rb5 Qe3 45. hxg5+ Kg7 46. Qe8 Qa7 47. Rb8 1-0

[Event "Essent op"]
[Site "Hoogeveen"]
[Date "2002.10.19"]
[Round "9"]
[White "Solleveld, Maarten"]
[Black "Brodsky, Michail"]
[Result "1/2-1/2"]
[WhiteElo "2453"]
[BlackElo "2547"]
[PlyCount "33"]
[EventDate "2002.10.11"]
[Source "ChessBase"]
[SourceDate "2002.11.06"]

1. e4 c5 2. Nf3 Nc6 3. d4 cxd4 4. Nxd4 Nf6 5. Nc3 d6 6. Bg5 e6 7. Qd2 Qb6 8. Nb3 Be7 9. Bxf6 Bxf6 10. Qxd6 Be5 11. Qa3 Bd7 12. Bd3 Nb4 13. Qa5 Qd6 14. Qc5 Qxc5 15. Nxc5 Rc8 16. Nxd7 Kxd7 17. Kd2 1/2-1/2

[Event "IV Open Vila de Sort"]
[Site "Sort SPA"]
[Date "2008.06.26"]
[Round "3"]
[White "Adhiban, B."]
[Black "Mamedov, Nidjat"]
[Result "1-0"]
[WhiteElo "2421"]
[BlackElo "2577"]
[PlyCount "73"]
[EventDate "2008.06.24"]
[Source "www.chesslib.no"]
[SourceDate "2004.05.04"]

1. e4 c5 2. Nf3 d6 3. d4 cxd4 4. Nxd4 Nf6 5. Nc3 Nc6 6. Bg5 e6 7. Qd2 Qb6 8. O-O-O Qxd4 9. Qxd4 Nxd4 10. Rxd4 a6 11. f3 Rb8 12. Rd2 Nd7 13. Be2 Ne5 14. Rhd1 b5 15. Bh4 h5 16. h3 f6 17. f4 Ng6 18. Bg3 Kf7 19. f5 exf5 20. Bxd6 Bxd6 21. Rxd6 Nf4 22. Bf3 b4 23. Nd5 fxe4 24. Bxe4 Nxd5 25. R1xd5 Re8 26. Bf3 g6 27. Rc5 Ke7 28. Rcc6 Rf8 29. Rd4 Rb5 30. Rc7+ Ke6 31. Rdc4 Rb8 32. Rg7 Kf5 33. Be4+ Ke5 34. Bxg6 Be6 35. Re4+ Kd6 36. Bxh5 Rg8 37. Rxe6+ 1-0

[Event "Le Touquet FRA, Open A 2005"]
[Site "?"]
[Date "2005.10.27"]
[Round "7.1"]
[White "Degraeve Jean-Marc"]
[Black "Okhotnik Vladimir"]
[Result "1/2-1/2"]
[WhiteElo "2555"]
[BlackElo "2440"]
[PlyCount "91"]
[EventDate "2005.??.??"]
[Source "www.chesslib.no"]
[SourceDate "2004.05.04"]

1. e4 c5 2. Nf3 d6 3. d4 cxd4 4. Nxd4 Nf6 5. Nc3 Nc6 6. Bg5 e6 7. Qd2 Qb6 8. O-O-O Nxd4 9. Qxd4 Qxd4 10. Rxd4 a6 11. f3 Rb8 12. Be2 Nd7 13. Rhd1 Ne5 14. Bh4 b5 15. a3 h5 16. Kb1 f6 17. Na2 g5 18. Be1 Nc6 19. R4d3 h4 20. h3 Rh7 21. Bc3 Kf7 22. Be1 Kg6 23. Rc3 Bb7 24. a4 bxa4 25. Ra3 d5 26. Rxa4 dxe4 27. Rxe4 e5 28. Ra4 Ra8 29. Bf2 f5 30. Nc1 Rf7 31. Bc4 Rf6 32. Rd7 Nd8 33. Nd3 Bd6 34. Ra5 Bc6 35. Rxd6 Rxd6 36. Nxe5+ Kf6 37. Bd3 Bd5 38. Bd4 Ba2+ 39. Kxa2 Rxd4 40. Nc4 Ne6 41. Rxf5+ Ke7 42. Ne5 Rc8 43. Kb1 Rc5 44. b3 Kd6 45. Nf7+ Ke7 46. Ne5 1/2-1/2

[Event "St Petersburg-ch 73rd"]
[Site "St Petersburg"]
[Date "2000.04.07"]
[Round "5"]
[White "Sivokho, Sergey"]
[Black "Ionov, Sergey"]
[Result "1/2-1/2"]
[WhiteElo "2436"]
[BlackElo "2558"]
[PlyCount "138"]
[EventDate "2000.04.03"]
[Source "ChessBase"]
[SourceDate "2000.07.27"]

1. e4 c5 2. Nf3 d6 3. d4 cxd4 4. Nxd4 Nf6 5. Nc3 Nc6 6. Bg5 e6 7. Qd2 Qb6 8. Be3 Qxb2 9. Rb1 Qa3 10. Bb5 Bd7 11. O-O Qa5 12. Be2 Nxd4 13. Qxd4 Bc6 14. Nb5 a6 15. Nxd6+ Bxd6 16. Qxd6 Nxe4 17. Qd1 O-O 18. Bc4 Qc3 19. Bd3 Rad8 20. Qh5 Nf6 21. Qh4 Rxd3 22. cxd3 Qxd3 23. Rfd1 Qg6 24. Qg5 Nd5 25. Qxg6 hxg6 26. Bd2 e5 27. Re1 f6 28. h4 Kf7 29. g3 Rh8 30. f3 Ne7 31. Kg2 Rd8 32. Rb2 Nf5 33. Be3 Rd3 34. Kf2 Nd4 35. f4 exf4 36. Bxf4 Rf3+ 37. Kg1 Rc3 38. Rd1 Nf5 39. Kh2 g5 40. hxg5 fxg5 41. Rc1 Rf3 42. Bc7 Kg6 43. Rd2 Ne3 44. Kg1 Nd5 45. Bd6 Nf6 46. Re2 Rd3 47. Bc7 Kh5 48. Bb8 Bf3 49. Rb2 Bd5 50. Be5 Ne4 51. Kh2 b5 52. Bc7 Kg4 53. Bb8 Nd2 54. Kg1 Ne4 55. Kh2 Nd2 56. Kg1 Bf3 57. Bc7 Ne4 58. Rb4 Rd2 59. Re1 Rg2+ 60. Kf1 Rf2+ 61. Kg1 Rg2+ 62. Kf1 Rc2 63. Bb8 Rc8 64. Be5 Rh8 65. Rexe4+ Bxe4 66. Bxg7 Rh7 67. Be5 Kf5 68. Bb8 g4 69. a4 Rb7 1/2-1/2

[Event "Keres mem rap"]
[Site "Tallinn"]
[Date "2004.01.03"]
[Round "2"]
[White "Rytshagov, Mikhail"]
[Black "Brodsky, Michail"]
[Result "1/2-1/2"]
[WhiteElo "2465"]
[BlackElo "2528"]
[PlyCount "36"]
[EventDate "2004.01.03"]
[Source "ChessBase"]
[SourceDate "2004.06.01"]

1. e4 c5 2. Nf3 d6 3. d4 cxd4 4. Nxd4 Nf6 5. Nc3 Nc6 6. Bg5 e6 7. Qd2 Qb6 8. Bxf6 gxf6 9. O-O-O a6 10. Nb3 Bd7 11. f4 O-O-O 12. Be2 Rg8 13. Bh5 Rg7 14. Rhf1 Be7 15. Qe2 Na5 16. Nd4 Nc6 17. Nb3 Na5 18. Nd4 Nc6 1/2-1/2

[Event "Walsall op"]
[Site "Walsall"]
[Date "1997.??.??"]
[Round "3"]
[White "Rowson, Jonathan"]
[Black "Arkell, Keith C"]
[Result "1/2-1/2"]
[WhiteElo "2445"]
[BlackElo "2545"]
[PlyCount "32"]
[EventDate "1997.??.??"]
[Source "www.chesslib.no"]
[SourceDate "2004.05.04"]

1. e4 c5 2. Nf3 d6 3. d4 Nf6 4. Nc3 cxd4 5. Nxd4 Nc6 6. Bg5 e6 7. Qd2 Nxd4 8. Qxd4 Be7 9. O-O-O O-O 10. e5 dxe5 11. Qxe5 Bd7 12. h4 Rc8 13. Rh3 Qc7 14. Qxc7 Rxc7 15. Nb5 Bxb5 16. Bxb5 Rfc8 1/2-1/2

[Event "Castellar Open"]
[Site "Castellar"]
[Date "1995.??.??"]
[Round "?"]
[White "Kolev, Atanas"]
[Black "Garcia Ilundain, David"]
[Result "1/2-1/2"]
[WhiteElo "2505"]
[BlackElo "2485"]
[PlyCount "46"]
[EventDate "1995.??.??"]
[Source "www.chesslib.no"]
[SourceDate "2004.05.04"]

1. e4 c5 2. Nf3 d6 3. d4 Nf6 4. Nc3 cxd4 5. Nxd4 Nc6 6. Bg5 e6 7. Qd2 h6 8. Bxf6 gxf6 9. O-O-O a6 10. f4 Bd7 11. Kb1 h5 12. Be2 Qb6 13. Nb3 O-O-O 14. Rhf1 Be7 15. Rf3 h4 16. Bf1 Rh5 17. Qe1 f5 18. Na4 Qb4 19. Qxb4 Nxb4 20. Nb6+ Kc7 21. Nxd7 fxe4 22. Re3 Rxd7 23. Rxe4 a5 1/2-1/2

[Event "Tatran Cup"]
[Site "Stary Smokovec SVK"]
[Date "1986.??.??"]
[Round "?"]
[White "Kindermann, Stefan E S"]
[Black "Lanc, Alois"]
[Result "1/2-1/2"]
[WhiteElo "2495"]
[BlackElo "2495"]
[PlyCount "40"]
[EventDate "1986.10.??"]
[Source "www.chesslib.no"]
[SourceDate "2004.05.04"]

1. e4 c5 2. Nf3 Nc6 3. d4 cxd4 4. Nxd4 Nf6 5. Nc3 d6 6. Bg5 e6 7. Qd2 h6 8. Bxf6 gxf6 9. O-O-O a6 10. Kb1 Bd7 11. f4 Qb6 12. Nde2 O-O-O 13. Ng3 h5 14. Be2 h4 15. Nh5 Be7 16. g4 Kb8 17. Rhf1 Rc8 18. f5 Rhf8 19. Rf4 Qa5 20. Qe3 b5 1/2-1/2

[Event "Cannes mT"]
[Site "Cannes"]
[Date "1996.??.??"]
[Round "1"]
[White "Lepelletier, Benoit"]
[Black "Sosonko, Gennadi"]
[Result "1/2-1/2"]
[WhiteElo "2470"]
[BlackElo "2515"]
[PlyCount "38"]
[EventDate "1996.02.??"]
[Source "ChessBase"]

1. e4 c5 2. Nf3 d6 3. d4 cxd4 4. Nxd4 Nf6 5. Nc3 Nc6 6. Bg5 e6 7. Qd2 Nxd4 8. Qxd4 Be7 9. O-O-O O-O 10. e5 dxe5 11. Qxe5 Bd7 12. Qg3 Rc8 13. Bd3 Nh5 14. Bxe7 Qxe7 15. Qg4 Nf6 16. Qh4 h6 17. Rhe1 Bc6 18. f3 Rfd8 19. Be4 Nd5 1/2-1/2

[Event "Ukrainian Games"]
[Site "Evpatoria (Ukraine)"]
[Date "2007.05.23"]
[Round "5"]
[White "Tukhaev Adam (UKR)"]
[Black "Shishkin Vadim (UKR)"]
[Result "1/2-1/2"]
[WhiteElo "2466"]
[BlackElo "2515"]
[PlyCount "20"]
[EventDate "2007.??.??"]
[Source "www.chesslib.no"]
[SourceDate "2004.05.04"]

1. e4 c5 2. Nf3 Nc6 3. d4 cxd4 4. Nxd4 Nf6 5. Nc3 d6 6. Bg5 Qb6 7. Nb3 e6 8. Qd2 Be7 9. O-O-O O-O 10. f3 Rd8 1/2-1/2